000 00823cab a2200253 4500
001 ABS48377
008 090401t1993 xxu||||| |||| 00| 0 eng d
035 _a(Sirsi) u66413
041 _aeng
100 _aMcQueen, S.
245 _aBuilding management systems
260 _c1993
350 _a0
490 _aBuilding Services
_v15(4), April 1993, 21-23(3)
520 _aLand Securities Properties have created their own standard specification for integration in the field of building energy management systems.
650 _aBEMS
650 _aBUILDING MANAGEMENT SYSTEMS
650 _aENERGY MANAGEMENT SYSTEMS
690 _aBUILDING AND CONSTRUCTION-ENERGY CONSERVATION
690 _aMANAGEMENT-BUSINESS MANAGEMENT-INFORMATION MANAGEMENT
700 _aPennell, N.
942 _n0
948 _c04/03/1997
999 _c41498
_d41498